Associez la chanson à son Disney - Statistiques

Statistiques générales
  • Ce quiz a été pris 463 fois
  • Le résultat moyen est 15 sur 22
Statistiques - réponses
Hint Réponse % Correct
Je voudrais déja être roi Le Roi Lion
100%
Un jour mon prince viendra Blanche Neige
89%
Des gammes et des arpèges Les Aristochats
84%
Au détour de la rivière Pocahontas
79%
Je suis ton ami Toy Story
79%
Chanson du non-anniversaire Alice au Pays Des Merveilles
78%
Jamais de n'avoureai Hercule
76%
La chanson des siamois La Belle et le Clochard
76%
Embrasse-la La Petite Sirène
75%
Mes amis de l'au-delà La Princesse et la Grenouille
74%
Honneur à tous Mulan
74%
Bling Bling Vaiana / Moana
74%
Les harpies Cendrillon
71%
Je veux y croire Raiponce
70%
Mon tout petit Dumbo
69%
Enfant de l'homme Tarzan
69%
Je m'en vais Frère des Ours
56%
Je ne savais pas La Belle et la Bête
53%
Sous les apparences Encanto : La fantastique famille Madrigal
48%
Nul n'est parfait La Reine des Neiges
48%
La chanson de la pluie Bambi
43%
Douce lueur Le Bossu de Notre Dame
23%
Aucun quiz correspondant
Distribution des résultats
% des personnes avec chaque résultat
Percentile par nombre de réponses
Votre historique - résultats
Vous n’avez pas pris ce quiz